Maquila: primera tarea del Consejo Superior del Trabajo (primera parte)
Gardado en:
| Formato: | Texto |
|---|---|
| Materias: | |
| Etiquetas: |
Engadir etiqueta
Sen Etiquetas, Sexa o primeiro en etiquetar este rexistro!
|
MARC
| LEADER | 00000 a a2200000 04500 | ||
|---|---|---|---|
| 001 | 5939 | ||
| 003 | |||
| 040 | |||
| 245 | |a Maquila: |b primera tarea del Consejo Superior del Trabajo (primera parte) | ||
| 650 | |a INDUSTRIA DE ENSAMBLAJE | ||
| 650 | |a TRABAJO | ||
| 650 | |a SINDICATOS | ||
| 650 | |a PAZ | ||
| 650 | |a SECTOR PRIVADO | ||
| 773 | |g volumen 15, número 654; páginas 10-11 | ||
| 999 | |c 29374 |d 29374 | ||
